Světová ekonomika na přelomu tisíciletí

Saved in:
Bibliographic Details
Main Author: Jonáš, Jiří (Author)
Format: Book
Language:Czech
Published: Praha : Management Press, Profit, a.s, 2000
Edition:1.
Subjects:
Online Access:OBSAH
Tags: Add Tag
No Tags, Be the first to tag this record!

MARC

LEADER 00000nam a22000003a 4500
001 stu55672
005 20150617225659.6
008 001120s2000----xr------------------cze-d
020 |a 80-7261-016-3 
040 |a STU  |b slo 
041 0 |a cze 
044 |a xr 
080 |a 33(4/9) 
100 1 |a Jonáš, Jiří  |4 aut 
245 1 |a Světová ekonomika na přelomu tisíciletí 
250 |a 1. 
260 |a Praha :  |b Management Press, Profit, a.s,  |c 2000 
300 |a 237 s 
650 7 |a Ekonomika svetová  |2 stusub 
856 4 |a https://sweb.mtf.stuba.sk/obsahy/svetova_ekonomika_na_prelomu_tisicileti_00  |u https://sweb.mtf.stuba.sk/obsahy/svetova_ekonomika_na_prelomu_tisicileti_00  |3 OBSAH 
996 |b 284M026281  |c M*10570-1  |l MMKN  |s A  |a 24  |w stu55672_0001